Statystyki dla Skład West Hamu w Premier League 2023/24

Kliknij tutaj aby rozwiązać quiz!

Ogólne statystyki

  • Ten quiz został rozwiązany 24 razy
  • Średni wynik to 9 z 24

Statystyki odpowiedzi

NumerZawodnik% Poprawnych
23Alphonse Areola
95%
1Łukasz Fabiański
95%
4Kurt Zouma
77%
20Jarrod Bowen
68%
10Lucas Paqueta
68%
9Michail Antonio
64%
7James Ward-Prowse
50%
3Aaron Cresswell
45%
21Angelo Ogbonna
41%
18Danny Ings
41%
8Pablo Fornals
41%
19Edson Alvarez
36%
27Nayef Aguerd
36%
22Said Benrahma
32%
33Emerson Palmieri
27%
2Ben Johnson
23%
24Thilo Kehrer
23%
45Divin Mubama
18%
17Maxwel Cornet
18%
12Flynn Downes
14%
49Joseph Anang
9%
32Conor Coventry
5%
15Konstandinos Mawropanos
5%
5Vladimir Cpufal
0%

Rozkład punktacji

Percentyl według liczby udzielonych odpowiedzi

Procent ludzi z każdym wynikiem

Twoja historia wyników

Nie rozwiązałeś tego quizu